Bésame, asesino /

محفوظ في:
التفاصيل البيبلوغرافية
المؤلف الرئيسي: Muñoz, Juan Gallardo (autor)
التنسيق: كتاب
اللغة:الإسبانية
منشور في: México : Intermex, 1976, c1975
سلاسل:(Bolsilibros EASA)
(F.B.I. ; 36)
الموضوعات:
الوسوم: إضافة وسم
لا توجد وسوم, كن أول من يضع وسما على هذه التسجيلة!

MARC

LEADER 00000nam^a2200000^a^4500
001 000584163
005 20250521000000.0
009 20260310132704.934
037 |a Acervo ITESO - Biblioteca 
041 |a ESP 
082 |a 863.  |b CUR 
100 |a Muñoz, Juan Gallardo  |e (autor) 
245 1 0 |a Bésame, asesino /  |c J.G. Muñoz. 
264 4 |a México :  |b Intermex,  |c 1976, c1975 
300 |a 96 p. 
336 |a texto  |b txt  |2 rdacontenido 
337 |a sin mediación  |b n  |2 rdamedio 
338 |a volumen  |b nc  |2 rdasoporte 
440 1 |a (Bolsilibros EASA) 
440 1 |a (F.B.I. ;  |v 36) 
545 0 |a Juan Gallardo Muñoz (1929-2013), escritor español que publicó mayoritariamente bajo el seudónimo de Curtis Garland, vinculado a la novela negra, de terror, western, ciencia ficción y hasta de artes marciales. Sus obras literarias, la mayoría de bolsillo y en venta en quioscos en lugar de librerías, así como los varios seudónimos que empleó, son en gran medida homenajes al cine de género. Se estima que escribió cerca de 2000 libros, incluyendo biografías, obras de divulgación sobre brujería y artes oscuras, o adaptaciones juveniles de clásicos de la literatura. Se desempeñó además como actor en diversas compañías teatrales. En el 2009 escribió su autobiografía Yo, Curtis Garland, en donde explicaba su método para ser prolífico, y en donde hacía notar el ninguneo por la élite literaria española hacia su obra y figura. 
649 |a XX 
650 |a FBI en la Literatura 
650 |a Servicios Secretos de Inteligencia en la Literatura 
650 |a Novela Española 
650 |a Literatura Española -  |y Siglo XXI 
650 |a Literatura Policíaca y de Misterio -  |z España 
910 |a Fondo Salvador Reynoso Reynoso 
920 |a Impresos - Libros 
930 |a Fondos Especiales 
940 |a Literatura 
905 |a 112 
901 |a 0500412373  |b IT2  |c ESP  |i 06163  |u 20250521 
902 |a https://opac.biblio.iteso.mx/vufind/Record/000584163